000 00715nam a2200253Ia 4500
003 OSt
005 20220928115028.0
006 a|||||r|||| 00| 0
007 ta
008 220927b |||||||| |||| 00| 0 eng d
024 _a11288
037 _cTextual
040 _aSDCL
_cSDCL
_beng
041 _2eng
_aeng
082 _aV2,4B'P, P7
100 _aMcGuire John Ed.
_9442831
245 0 _aHindu nationalism and governance
260 _aNew Delhi
_bOxford University Press
_c2007
300 _ax,476p
_ccm.
650 _aBhartiya Janta Party
_9442832
700 _a Copland Ian Ed.
_9411634
942 _hV2,4B'P, P7
_cTEXL
_2CC
999 _c758017
_d758017